Loading...

Samakaleen lekhan ek vaichaariki

Bibliografiske detaljer
Main Authors: Khandelwal, Ramkumar, Rawat, Chandra Bhan
Format: Printed Book
Udgivet: New Delhi, National Publishing House 1982
Fag:
LEADER 005940000a22001930004500
022 |a 25-07-2004 
041 |a Hindi 
082 |a 891.434 009 RAW/S M2 
100 |a Khandelwal, Ramkumar 
100 |a Rawat, Chandra Bhan 
245 |a Samakaleen lekhan ek vaichaariki 
260 |a New Delhi, National Publishing House 
260 |c 1982 
650 |a Criticism 
650 |a Essays 
650 |a Hindi literature 
942 |c BK 
999 |c 145193  |d 145189 
952 |0 0  |1 0  |4 0  |6 891_434000000000000_009_RAW_S_M2  |7 0  |9 143968  |a SCC  |b SCC  |d 2017-10-11  |l 0  |o 891.434 009 RAW/S M2  |p SCC05361  |r 2017-10-11  |w 2017-10-11  |y BK